Normal view
MARC view
Entry Personal Name
001 - CONTROL NUMBER
- control field: 51569
003 - CONTROL NUMBER IDENTIFIER
- control field: dpl
005 - DATE AND TIME OF LATEST TRANSACTION
- control field: 20120827154823.0
008 - FIXED-LENGTH DATA ELEMENTS
- fixed length control field: 120827|||a|||||| | ||| d
040 ## - CATALOGING SOURCE
- Original cataloging agency: dpl
- Transcribing agency: dpl
100 ## - HEADING--PERSONAL NAME
- Personal name: शास्त्री, ऊर्मिला
670 ## - SOURCE DATA FOUND
- Source citation: Work cat.: (dpl)62849: शास्त्री, ऊर्मिला, श्यामपट्ट /, 2009
670 ## - SOURCE DATA FOUND
- Source citation: Work cat.: (dpl)62849: शास्त्री, ऊर्मिला, श्यामपट्ट /, 2009
